Movies Quiz

Random Movies or Song Quiz
Score 0/20 Timer 07:00
5 Plays Today
% Correct
Hakuna Matata
The Lion King
96.9%
Over the Rainbow
The Wizard of Oz
95.7%
Eye of the Tiger
Rocky III
87.6%
Stayin' Alive
Saturday Night Fever
86.6%
Born to Be Wild
Easy Rider
82.1%
Don't You (Forget About Me)
The Breakfast Club
81.7%
All That Jazz
Chicago
80.9%
Unchained Melody
Ghost
76.1%
Puttin' On the Ritz
Young Frankenstein
70.1%
Man of Constant Sorrow
O Brother, Where Art Thou?
68.5%
% Correct
Que Sera, Sera
The Man Who Knew Too Much
65.9%
Jet Song
West Side Story
65.7%
You Can Leave Your Hat On
The Full Monty
64.6%
Cuban Pete
The Mask
62.7%
Stonehenge
This Is Spinal Tap
59.5%
Heart and Soul
Big
57.5%
Super Freak
Little Miss Sunshine
54.9%
Where Is My Mind?
Fight Club
54.6%
You Make My Dreams
(500) Days of Summer
52.5%
Sister Christian
Boogie Nights
39.2%
Remove Ads.
Support Sporcle.
Get the best of Sporcle when you Go Orange. This ad-free experience offers more features, more stats, and more fun while also helping to support Sporcle. Thank you for becoming a member.

You're not logged in!

Compare scores with friends on all Sporcle quizzes.
OR
Log In

Show Comments

Extras

Top Quizzes Today


Score Distribution

Your Account Isn't Verified!

In order to create a playlist on Sporcle, you need to verify the email address you used during registration. Go to your Sporcle Settings to finish the process.

Report this User

Report this user for behavior that violates our Community Guidelines.

Details: